Detalles MARC
| 000 -LÍDER |
| Campo fijo de descripción fija |
03132cam a2200433 i 4500 |
| 001 - NÚMERO DE CONTROL |
| Campo de control |
19089076 |
| 003 - IDENTIFICADOR DEL NÚMERO DE CONTROL |
| Campo de control |
CO-MdFUSB |
| 005 - FECHA Y HORA DE LA ULTIMA TRANSACCIÓN |
| control field |
20220701164307.0 |
| 008 - ELEMENTOS DE LONGITUD FIJA -- INFORMACIÓN GENERAL |
| Campo fijo de descripción fija -- Información general |
160510s2016 gau b 001 0 eng |
| 010 ## - NÚMERO DE CONTROL DE LA BIBLIOTECA DEL CONGRESO |
| Número de control LC |
2016021816 |
| 020 ## - NÚMERO INTERNACIONAL NORMALIZADO PARA LIBROS |
| Número Internacional Normalizado del libro |
9780884141174 |
| 040 ## - FUENTE DE CATALOGACIÓN |
| Agencia de catalogación original |
DLC |
| Idioma de catalogación |
eng |
| Agencia que realiza la transcripción |
CO-MdFUSB |
| Convenciones de la descripción |
rda |
| Agencia que realiza la modificación |
DLC |
| 041 ## - CÓDIGO DE IDIOMA |
| Código de idioma para texto/pista de sonido o título separado |
eng |
| 042 ## - AUTHENTICATION CODE |
| Authentication code |
pcc |
| 082 00 - NÚMERO DE CLASIFICACIÓN DECIMAL DEWEY |
| Número de clasificación |
229.913 |
| Número de la edición del Dewey |
23 |
| Clave de autor-Numero de item |
EN59 |
| 245 10 - TÍTULO |
| Título del Material |
Enoch and the synoptic gospels : |
| Parte restante del título - Subtitulo |
reminiscences, allusions, intertextuality |
| Mención de responsabilidad, etc. |
/ editado por Loren T. Stuckenbruck , Gabriele Boccaccini. |
| 264 #1 - PRODUCCIÓN, PUBLICACIÓN, DISTRIBUCIÓN, MANUFACTURA, Y COPYRIGHT |
| Lugar de producción, publicación, distribución, manufactura |
Atlanta, GA : |
| Nombre del productor, publicador, distribuidor |
SBL Press, |
| Fecha de producción, publicación, distribución, manufactura, o copyright |
[2016] |
| 264 #4 - PRODUCCIÓN, PUBLICACIÓN, DISTRIBUCIÓN, MANUFACTURA, Y COPYRIGHT |
| Fecha de producción, publicación, distribución, manufactura, o copyright |
© 2016 |
| 300 ## - DESCRIPCIÓN FÍSICA |
| Extensión |
447 páginas ; |
| Dimensiones |
24 cm. |
| 336 ## - TIPO DE CONTENIDO |
| Término de tipo de contenido |
texto |
| Fuente |
rdacontent |
| Código de tipo de contenido |
txt |
| 337 ## - TIPO DE MEDIO |
| Nombre del tipo de medio |
sin mediación |
| Fuente |
rdamedia |
| Código del tipo de medio |
n |
| 338 ## - TIPO DE SOPORTE |
| Nombre del tipo de soporte |
volumen |
| Fuente |
rdacarrier |
| Código Tipo de soporte |
nc |
| 490 0# - MENCIÓN DE SERIE |
| Mención de serie |
Early Judaism and its literature ; |
| 504 ## - NOTA DE BIBLIOGRAFÍA, ETC. |
| Nota de bibliografía, etc |
Incluye referencias bibliográficas (páginas 363-403) e índices. |
| 505 ## - NOTA DE CONTENIDO |
| Nota de contenido con formato preestablecido |
Introducción: 1 Enoc y los evangelios sinópticos: el método y los beneficios de una conversación / Loren T. Stuckenbruck y Gabriele Boccaccini -- Representaciones narrativas de estados alterados de conciencia en 1 Enoc y la tradición sinóptica / André Gagné -- Las experiencias reveladoras de Enoc y Jesús: una comparación entre el Libro de los Vigilantes y la tradición sinóptica / Daniel M. Gurtner -- Nacimientos inusuales: tradiciones enóquicas y la narrativa de la infancia de Mateo / Amy E. Richter --<br/>Enoc y las narrativas del nacimiento sinóptico: un experimento mental / Anders Klostergaard Petersen -- Seres celestiales en las tradiciones de Enoc y los evangelios sinópticos / Kelley Coblentz Bautch -- Las parábolas de Enoc y la parábola de Lucas del hombre rico y Lázaro / Leslie Baynes -- El perdón de los pecados: un problema enóquico, una respuesta sinóptica / Gabriele Boccaccini -- Hijo del hombre : su origen y significado en el judaísmo del Segundo Templo / Lester L. Grabbe -- El día del juicio de Mateo a la luz de 1 Enoc / Daniel Assefa - - La demonología de 1 Enoc y los evangelios del Nuevo Testamento / Archie T. Wright --<br/>1 Enoc 6-11 interpretada a la luz de la literatura de encantamientos mesopotámica / Henryk Drawnel -- Enoc, Jesús y la tradición sacerdotal / Joseph L. Angel -- Jesús entre los representantes de la sabiduría: 4QInstruction / Benjamin Wold --<br/>El motivo de la veneración en la narrativa de la tentación del Evangelio de Mateo: lecciones de la tradición Enochic / Andrei A Orlov. |
| 563 ## - NOTA DE ENCUADERNACIÓN |
| Nota de encuadernación |
Rústico |
| 630 07 - TITULO UNIFORME |
| Título uniforme |
Biblia. |
| Nombre de parte o sección de la obra |
Apócrifos |
| Subdivisión de materia general |
Crítica, interpretación, etc |
| 630 07 - TITULO UNIFORME |
| Título uniforme |
Biblia. |
| Nombre de parte o sección de la obra |
Evangelios sinópticos |
| Subdivisión de materia general |
Crítica, interpretación, etc. |
| 650 #0 - ASIENTO SECUNDARIO DE MATERIA - TERMINO TEMÁTICO |
| 9 (RLIN) |
16 |
| Término temático o nombre geográfico como elemento de entrada |
Biblia |
| 653 ## - TÉRMINO DE INDIZACIÓN - NO CONTROLADO |
| Término no controlado |
Libro etíope de Enoc -- Ensayos. |
| 653 ## - TÉRMINO DE INDIZACIÓN - NO CONTROLADO |
| Término no controlado |
Libros proféticos. |
| 700 1# - ASIENTO SECUNDARIO - NOMBRE PERSONAL |
| Nombre personal |
Stuckenbruck, Loren T., |
| Responsabilidad |
editor. |
| 700 1# - ASIENTO SECUNDARIO - NOMBRE PERSONAL |
| Nombre personal |
Boccaccini, Gabriele, |
| Fechas asociadas con el nombre |
1958- |
| Responsabilidad |
editor. |
| 776 08 - ASIENTO DE SOPORTE FISICO ADICIONAL |
| Información de relación |
Online version: |
| Asiento principal |
Enoch Seminar (7th : 2013 : Camaldoli, Italy) |
| Título |
Enoch and the Synoptic Gospels |
| Place, publisher, and date of publication |
Atlanta : SBL Press, 2016 |
| Número de libro internacional estándar |
9780884141181 |
| Record control number |
(DLC) 2016022688 |
| 942 ## - TIPO DE MATERIAL (KOHA) |
| Tipo de Item KOHA |
Libros General |
| 945 ## - INFORMACIÓN LOCAL DEL REGISTRO |
| Catalogador |
JTF-925 |